000 00284nam a2200133Ia 4500
100 _aTarasevich/ Y & Yavoish
942 _cBK
654 _aTolerances
245 _aFits
260 _bPeoples Publishing House
_aNewDelhi
_c1972
082 _a620
300 _a160
546 _aENGLISH
999 _c23992
_d23992